| 000 | 01152nam0a22002651 4500 | ||
|---|---|---|---|
| 001 | rc\993765 | ||
| 005 | 20170207103331.0 | ||
| 035 | _a(NLR Aleph) 006160744 | ||
| 090 |
_a5860154 _c5860154 |
||
| 100 | _a20041129d1981 u |0rusy50 ca | ||
| 101 | 0 | _arus | |
| 102 | _aRU | ||
| 105 | _aa ||||||||| | ||
| 200 | 1 |
_aЖивопись _eГос. Третьяков. галерея _e[Альбом] _fОтв. ред., авт. вступ. статьи и сост. В.М. Петюшенко _gАвт. аннот. к произведениям: В.Г. Азаркович и др. |
|
| 210 |
_aМ. _cСов. художник _d1981 |
||
| 215 |
_a8, [135] с. _cцв. ил. _d30 |
||
| 702 | 1 |
_aАзаркович _bВ. Г. _f1936- _gВалентина Григорьевна _3RU\NLR\AUTH\770282467 _4220 |
|
| 702 | 1 |
_aПетюшенко _bВ. М. _gВитольд Михайлович _4340 |
|
| 712 | 0 | 2 |
_aГосударственная Третьяковская галерея _cМосква _3RU\NLR\AUTH\889967893 _4570 |
| 801 | 0 |
_aRU _bNLR _gpsbo |
|
| 801 | 1 |
_aRU _bELAR _2rusmarc |
|
| 852 |
_aNLR _bЭ _jАлИс134/2-М821 |
||
| 942 | _cBOOK | ||
| 980 | _aNB | ||